The Christian's attitude toward world religions / (Record no. 1609)

MARC details
000 -LEADER
fixed length control field 00931cam a2200277 a 4500
001 - CONTROL NUMBER
control field 2407616
003 - CONTROL NUMBER IDENTIFIER
control field GBCCL
005 - DATE AND TIME OF LATEST TRANSACTION
control field 20241126110405.0
008 - FIXED-LENGTH DATA ELEMENTS--GENERAL INFORMATION
fixed length control field 861113s1987 ilu b 001 0 eng
010 ## -
-- 86051481
020 ## - INTERNATIONAL STANDARD BOOK NUMBER
International Standard Book Number 0842302921 (pbk.) :
Terms of availability $5.95
040 ## - CATALOGING SOURCE
Original cataloging agency DLC
Transcribing agency DLC
Modifying agency DLC
050 00 -
-- BR127
-- .F47 1987
082 00 - DEWEY DECIMAL CLASSIFICATION NUMBER
Classification number 261.2
Edition information 19
Item number FER
100 1# - MAIN ENTRY--PERSONAL NAME
Personal name Fernando, Ajith.
9 (RLIN) 3283
245 14 - TITLE STATEMENT
Title The Christian's attitude toward world religions /
Statement of responsibility, etc. Ajith Fernando.
250 ## - EDITION STATEMENT
Edition statement Indian ed.
260 ## - PUBLICATION, DISTRIBUTION, ETC.
Place of publication, distribution, etc. Wheaton, Ill. :
-- Bombay :
Name of publisher, distributor, etc. Tyndale House Publishers,
-- Gospel literature service,
Date of publication, distribution, etc. 1990, c1987.
300 ## - PHYSICAL DESCRIPTION
Extent 192 p. ;
Dimensions 21 cm.
504 ## - BIBLIOGRAPHY, ETC. NOTE
Bibliography, etc. note Includes bibliographies and indexes.
650 #0 - SUBJECT ADDED ENTRY--TOPICAL TERM
Topical term or geographic name entry element Christianity and other religions.
9 (RLIN) 12
650 #0 - SUBJECT ADDED ENTRY--TOPICAL TERM
Topical term or geographic name entry element Evangelistic work.
9 (RLIN) 290
906 ## - LOCAL DATA ELEMENT F, LDF (RLIN)
a 7
b cbc
c orignew
d 2
e ocip
f 19
g y-gencatlg
942 ## - ADDED ENTRY ELEMENTS (KOHA)
Source of classification or shelving scheme Dewey Decimal Classification
Koha item type Books
Koha issues (borrowed), all copies 3
Holdings
Withdrawn status Lost status Source of classification or shelving scheme Damaged status Not for loan Home library Current Library Shelving location Date acquired Total checkouts Full call number Barcode Date last seen Date last checked out Copy number Price effective from Koha item type
    Dewey Decimal Classification     GRACE BIBLE COLLEGE GRACE BIBLE COLLEGE Ministry & Mission 2017-05-09 1 261.2 FER 003696 2025-05-01 2018-09-18 c.1 2017-05-09 Books
    Dewey Decimal Classification     GRACE BIBLE COLLEGE GRACE BIBLE COLLEGE Ministry & Mission 2017-05-09 2 261.2 FER 003697 2025-05-01 2019-10-11 c.2 2017-05-09 Books
© Grace Bible College Library 2025